Languages Most Similar to Italian - Statistics

General Stats
  • This quiz has been taken 467 times
  • The average score is 6 of 10
Answer Stats
Index Language % Correct
16,1 Spanish
99%
24,1 French
96%
25,3 Portuguese
91%
29,4 Romanian
81%
20,5 Latin
71%
23,1 Catalan
63%
26,6 Romansh
47%
44,7 Swedish
19%
44,2 Lithuanian
13%
43,1 Serbian
13%
No matching quizzes found
Score Distribution
Percent of People with Each Score
Percentile by Number Answered
Your Score History
You have not taken this quiz